000 00610nam a22002297a 4500
003 UA-OsUOA
001 98853
007 ta
008 20130418b un ||||| |||| 00| 0 ukr d
100 _aРоллан
090 _a821.133.1
_bР67
942 _cBK
040 _aUA-OsUOA
_brus
_cUA-OsUOA
_dUA-OsUOA
245 _aСобрание сочинений в девяти томах
_b1
300 _a398 с.
955 _a3
041 _arus
080 _a821.133.1
260 _aМ.
_bПравда
_c1983
650 7 _a82 Література. Літературознавство
_2UDC
999 _c385211
_d385211